00206nam a22000857a 4500020001800000100001600018245002300034260002600057490003700083 a9780810993136 aKinney Jeff aDiary of wimpy kid aNewYorkbAmulet Books aWimpy Kid Do-It Your self series